Normal view
MARC view
- MUHAMMAD USSAMA BIN SAJID MUHAMMAD HASSAN ZIA SAAD IFTIKHAR SAIMA TARIQ
Entry Personal Name
001 - CONTROL NUMBER
- control field: 71129
003 - CONTROL NUMBER IDENTIFIER
- control field: NUST
005 - DATE AND TIME OF LATEST TRANSACTION
- control field: 20210628204611.0
008 - FIXED-LENGTH DATA ELEMENTS
- fixed length control field: 210628|| aca||aabn | a|a d
040 ## - CATALOGING SOURCE
- Original cataloging agency: NUST
- Transcribing agency: NUST
100 ## - HEADING--PERSONAL NAME
- Personal name: MUHAMMAD USSAMA BIN SAJID MUHAMMAD HASSAN ZIA SAAD IFTIKHAR SAIMA TARIQ
670 ## - SOURCE DATA FOUND
- Source citation: Work cat.: (NUST): MUHAMMAD USSAMA BIN SAJID MUHAMMAD HASSAN ZIA SAAD IFTIKHAR SAIMA TARIQ, PR-SOF-1420-DESIGN AND FABRICATION AND FEEDBACK CONTROL OF A CYRO STABLIZED TWO DEGREE OF FREEDOM PLATFORM WITH SURVEILLANCE CAPABILITIES, 2014
